[Event "SV Eichlinghofen 1 - SW Oberhausen 1"]
[Site "Verbandsklasse - Gruppe 3 202"]
[Date "2021.11.14"]
[Round "2.1"]
[White "Hortolani, Sven-Holger"]
[Black "Watzlawek, Markus"]
[Result "1/2-1/2"]
[WhiteElo "2026"]
[BlackElo "2048"]
[Annotator "daniel"]
[PlyCount "94"]
[EventDate "2021.??.??"]
[WhiteTeam "SW Oberhausen 1"]
[BlackTeam "SV Eichlinghofen 1"]

1. Nf3 f5 2. g3 Nf6 3. Bg2 g6 4. b3 Bg7 5. Bb2 d6 6. d4 O-O 7. O-O c6 8. c4 a5
9. Nc3 Na6 10. d5 Bd7 11. Ne1 Nc5 12. Nd3 Nce4 13. dxc6 $11 bxc6 14. Qc2 e5 15.
Na4 c5 16. Nc3 Rb8 17. Rad1 Qb6 18. Nc1 Bc6 19. Nxe4 Bxe4 20. Bxe4 Nxe4 21. f3
Nf6 22. Bc3 Bh6 23. Bd2 Bxd2 24. Rxd2 Rbd8 25. Nd3 Rd7 26. Rfd1 Rfd8 27. Qc3
Qc7 28. Nf2 Kf7 29. e4 fxe4 30. Nxe4 Nxe4 31. fxe4 Kg7 32. Rf2 Rf7 33. Rxf7+
Kxf7 34. Qd2 Kg7 35. Rf1 Rf8 36. Rxf8 Kxf8 37. Qd5 Ke7 38. Qg8 Kf6 39. Kg2 Qb7
40. Qd8+ Ke6 41. Kf3 Qb4 42. Qe8+ Kf6 43. Qh8+ Ke6 44. Qxh7 Qc3+ 45. Kg4 Kf6
46. Qh8+ Kf7 47. Qh7+ Kf6 1/2-1/2

[Event "SV Eichlinghofen 1 - SW Oberhausen 1"]
[Site "Verbandsklasse - Gruppe 3 202"]
[Date "2021.11.14"]
[Round "2.2"]
[White "Schuette, Tobias"]
[Black "Puetter, Pascal"]
[Result "0-1"]
[WhiteElo "2021"]
[BlackElo "1980"]
[PlyCount "76"]
[EventDate "2021.??.??"]
[WhiteTeam "SV Eichlinghofen 1"]
[BlackTeam "SW Oberhausen 1"]

1. g3 Nf6 2. Bg2 d5 3. d3 g6 4. f4 Bg7 5. Nf3 O-O 6. O-O c5 7. Nc3 b6 8. e4
dxe4 9. dxe4 Bb7 10. e5 Nd5 11. Nxd5 Bxd5 12. Qe2 e6 13. Rd1 Qc7 14. Rxd5 exd5
15. Ng5 Nc6 16. Bxd5 Rad8 17. Qe4 Ne7 18. c4 h6 19. Nf3 Nxd5 20. cxd5 Qb7 21.
Be3 Qxd5 22. Qxd5 Rxd5 23. Kf2 f6 24. exf6 Bxf6 25. Rb1 Re8 26. b3 Rd3 27. Ne5
Bxe5 28. fxe5 Rxe5 29. Bxh6 Rh5 30. Ke2 Rd7 31. Bf4 Rxh2+ 32. Ke3 Rxa2 33. Ke4
Re2+ 34. Kf3 Rc2 35. g4 Rf7 36. Ke3 Rg2 37. g5 Rg4 38. Rf1 Rgxf4 0-1

[Event "SV Eichlinghofen 1 - SW Oberhausen 1"]
[Site "Verbandsklasse - Gruppe 3 202"]
[Date "2021.11.14"]
[Round "2.3"]
[White "Schwerdtfeger, Joachim"]
[Black "Brockmann, Michael"]
[Result "1-0"]
[WhiteElo "1890"]
[BlackElo "2050"]
[PlyCount "83"]
[EventDate "2021.??.??"]
[WhiteTeam "SW Oberhausen 1"]
[BlackTeam "SV Eichlinghofen 1"]

1. e4 d6 2. d4 g6 3. Nf3 Nf6 4. Nc3 Bg7 5. Be2 c5 6. dxc5 Qa5 7. O-O Qxc5 8.
Be3 Qa5 9. Nd4 O-O 10. f4 Nc6 11. Bf3 Bd7 12. Nd5 Nxd5 13. exd5 Nxd4 14. Bxd4
Qb4 15. Bxg7 Kxg7 16. Qc1 Rfc8 17. c3 Qc5+ 18. Kh1 Rc7 19. Qd2 b5 20. Rfe1 Bc8
21. a4 Rb8 22. axb5 Rxb5 23. h3 a5 24. Rxa5 Rxa5 25. b4 Qa7 26. bxa5 Qxa5 27.
Qd4+ f6 28. Re3 Kf7 29. Bg4 Ba6 30. Kh2 Bc4 31. Be6+ Kf8 32. f5 Qc5 33. Qf4 g5
34. Qf3 Ke8 35. Qh5+ Kd8 36. Qf7 Ra7 37. Qf8+ Kc7 38. Qxe7+ Kb6 39. Qd8+ Rc7
40. Re1 Bb5 41. Rb1 Ka7 42. Rxb5 1-0

[Event "SV Eichlinghofen 1 - SW Oberhausen 1"]
[Site "Verbandsklasse - Gruppe 3 202"]
[Date "2021.11.14"]
[Round "2.4"]
[White "Dreier, Daniel"]
[Black "Kuckelkorn, Joerg"]
[Result "1-0"]
[WhiteElo "1845"]
[BlackElo "1861"]
[PlyCount "63"]
[EventDate "2021.??.??"]
[WhiteTeam "SV Eichlinghofen 1"]
[BlackTeam "SW Oberhausen 1"]

1. e4 c5 2. d4 cxd4 3. c3 d3 4. Bxd3 Nc6 5. f4 d6 6. Nf3 Nf6 7. O-O g6 8. h3
Bg7 9. Be3 O-O 10. Nbd2 e5 11. Qc2 Qc7 12. Rad1 b6 13. Nc4 Bb7 14. a4 Nh5 15.
fxe5 dxe5 16. b4 Rac8 17. a5 b5 18. Na3 a6 19. Bb6 Qb8 20. Qb3 Nf4 21. Bb1 Na7
22. Rf2 Ne6 23. Rd7 Rc6 24. Rfd2 Nc8 25. Be3 Nd6 26. Bc5 Nxc5 27. bxc5 Ne8 28.
Ba2 Rf6 29. Ng5 Bc6 30. Rxf7 Kh8 31. Rxf8+ Rxf8 32. Qg8+ 1-0

[Event "SV Eichlinghofen 1 - SW Oberhausen 1"]
[Site "Verbandsklasse - Gruppe 3 202"]
[Date "2021.11.14"]
[Round "2.5"]
[White "Kyas, Jens-Stefan"]
[Black "Wloka, Sebastian"]
[Result "1/2-1/2"]
[WhiteElo "1832"]
[BlackElo "1866"]
[Annotator "daniel"]
[PlyCount "54"]
[EventDate "2021.??.??"]
[WhiteTeam "SW Oberhausen 1"]
[BlackTeam "SV Eichlinghofen 1"]

1. f4 d5 2. Nf3 g6 3. e3 Bg7 4. d4 Nf6 5. Bd3 O-O 6. c3 c5 7. O-O b6 8. Nbd2
Bb7 9. Ne5 Nbd7 10. Qe1 Ne4 11. Qh4 e6 12. Qxd8 Raxd8 13. Ndf3 f6 14. Nxd7 Rxd7
15. Bd2 Nxd2 16. Nxd2 e5 17. Rac1 Re7 18. Rfe1 a6 19. Kf2 $11 Rc8 20. g3 Rec7
21. dxe5 fxe5 22. fxe5 Bxe5 23. e4 Rf8+ 24. Kg2 Rcf7 25. Rf1 Kg7 26. Rxf7+ Rxf7
27. Re1 dxe4 1/2-1/2

[Event "SV Eichlinghofen 1 - SW Oberhausen 1"]
[Site "Verbandsklasse - Gruppe 3 202"]
[Date "2021.11.14"]
[Round "2.6"]
[White "Dekhtyaryuk, Dimitri"]
[Black "Heintze, Sven"]
[Result "1-0"]
[WhiteElo "1827"]
[BlackElo "1743"]
[PlyCount "99"]
[EventDate "2021.??.??"]
[WhiteTeam "SV Eichlinghofen 1"]
[BlackTeam "SW Oberhausen 1"]

1. d4 d6 2. Nf3 Bg4 3. e3 Nf6 4. b3 e6 5. Bb2 Be7 6. Nbd2 O-O 7. Bd3 c5 8. O-O
Nc6 9. a3 Qc7 10. c4 Rfd8 11. Qc2 h6 12. Rac1 a5 13. e4 e5 14. d5 Nd4 15. Nxd4
exd4 16. f4 Bd7 17. h3 Rdb8 18. Rce1 Bc8 19. e5 Ne8 20. e6 fxe6 21. dxe6 Nf6
22. Bg6 b6 23. Bf7+ Kh8 24. Rf3 Bb7 25. Rg3 Rg8 26. Bxg8 Rxg8 27. Qg6 Bc6 28.
Nf3 Be8 29. Qd3 Nh5 30. Rg4 Nf6 31. Rh4 Nh5 32. Bc1 Qd8 33. Rxh5 Bxh5 34. g4
Be8 35. f5 Bc6 36. Nd2 Bg5 37. Ne4 Bxc1 38. Rxc1 d5 39. Ng3 dxc4 40. bxc4 Qd6
41. Re1 b5 42. Nh5 bxc4 43. Qxc4 Be8 44. Qd3 Bxh5 45. gxh5 c4 46. Qf3 Rb8 47.
f6 Rb3 48. e7 Rxf3 49. e8=Q+ Kh7 50. Qg6+ 1-0

[Event "SV Eichlinghofen 1 - SW Oberhausen 1"]
[Site "Verbandsklasse - Gruppe 3 202"]
[Date "2021.11.14"]
[Round "2.7"]
[White "Matthes, Severin Johannes"]
[Black "Grewe, Markus"]
[Result "1-0"]
[WhiteElo "1846"]
[BlackElo "1824"]
[PlyCount "79"]
[EventDate "2021.??.??"]
[WhiteTeam "SW Oberhausen 1"]
[BlackTeam "SV Eichlinghofen 1"]

1. e4 c5 2. Nf3 e6 3. d4 cxd4 4. Nxd4 Bc5 5. Nb3 Bxf2+ 6. Kxf2 Qh4+ 7. Kg1 Qxe4
8. Nc3 Qc6 9. Nb5 Nf6 10. Qd6 Qxd6 11. Nxd6+ Ke7 12. Bf4 Nh5 13. Nxc8+ Rxc8 14.
Bg5+ f6 15. Be3 g5 16. c4 Nc6 17. Rd1 b6 18. g4 Ng7 19. h4 gxh4 20. Rxh4 h5 21.
Bg2 Rg8 22. Nd4 Nxd4 23. Bxa8 Ngf5 24. Rxd4 Nxh4 25. Bf2 Nf5 26. Rf4 Nd6 27. c5
Nf7 28. Bg2 e5 29. Ra4 bxc5 30. Bxc5+ Ke6 31. gxh5 Rg5 32. Rh4 f5 33. h6 f4 34.
Kf2 e4 35. Bh3+ Ke5 36. h7 e3+ 37. Ke2 Kd5 38. Rxf4 Kxc5 39. Rxf7 Rh5 40. Rf5+
1-0

[Event "SV Eichlinghofen 1 - SW Oberhausen 1"]
[Site "Verbandsklasse - Gruppe 3 202"]
[Date "2021.11.14"]
[Round "2.8"]
[White "Heimlich, Oliver"]
[Black "Engling, Dirk"]
[Result "1-0"]
[WhiteElo "1748"]
[BlackElo "1709"]
[PlyCount "71"]
[EventDate "2021.??.??"]
[WhiteTeam "SV Eichlinghofen 1"]
[BlackTeam "SW Oberhausen 1"]

1. e4 e6 2. d4 d5 3. e5 c5 4. c3 Nc6 5. Nf3 Qb6 6. Bd3 cxd4 7. cxd4 Bd7 8. O-O
Nxd4 9. Nxd4 Qxd4 10. Nc3 a6 11. Re1 Bb4 12. Be3 Qh4 13. a3 Bxc3 14. bxc3 Qe7
15. c4 Bc6 16. cxd5 Bxd5 17. Qg4 f5 18. Qe2 Rc8 19. Rac1 Rxc1 20. Rxc1 Qd7 21.
Bb6 Bc6 22. Rd1 Qd5 23. f4 Qb3 24. Bc7 Bd5 25. Bd6 Qc3 26. Bxf5 g6 27. Be4 Bc4
28. Bd3 Qd4+ 29. Kh1 Bxd3 30. Rxd3 Qxf4 31. Rf3 Qd4 32. Rf8+ Kd7 33. h3 Qh4 34.
Qc2 Qe1+ 35. Kh2 Qa5 36. Qc8# 1-0

[Event "Hervest-Dorstener SK 1 - Bochumer SV 3"]
[Site "Verbandsklasse - Gruppe 3 202"]
[Date "2021.11.14"]
[Round "2.1"]
[White "Hofer, Stefan"]
[Black "Tig, Achmet"]
[Result "1-0"]
[WhiteElo "1790"]
[BlackElo "1967"]
[PlyCount "57"]
[EventDate "2021.??.??"]
[WhiteTeam "Bochumer SV 3"]
[BlackTeam "Hervest-Dorstener SK 1"]

1. e4 c5 2. Nf3 d6 3. d4 cxd4 4. Nxd4 Nf6 5. Nc3 g6 6. Be3 Bg7 7. f3 O-O 8. Qd2
Nc6 9. O-O-O d5 10. Qe1 e6 11. g4 Re8 12. h4 Nxd4 13. Bxd4 e5 14. Be3 d4 15.
Bg5 Be6 16. h5 Qc7 17. Nb5 Qc5 18. hxg6 hxg6 19. Qh4 Rac8 20. Rd2 Nd7 21. Rdh2
f6 22. Bh6 Re7 23. Bxg7 Rxg7 24. Qh8+ Kf7 25. Nd6+ Qxd6 26. Qxc8 Nc5 27. Qa8
Bxa2 28. Rh8 Qe7 29. R1h7 1-0

[Event "Hervest-Dorstener SK 1 - Bochumer SV 3"]
[Site "Verbandsklasse - Gruppe 3 202"]
[Date "2021.11.14"]
[Round "2.2"]
[White "Nowok, Frank"]
[Black "Abdullayev, Elchin"]
[Result "0-1"]
[WhiteElo "1896"]
[BlackElo "1873"]
[PlyCount "146"]
[EventDate "2021.??.??"]
[WhiteTeam "Hervest-Dorstener SK 1"]
[BlackTeam "Bochumer SV 3"]

1. d4 Nf6 2. Nf3 c5 3. c3 cxd4 4. cxd4 e6 5. a3 Nc6 6. Nc3 d5 7. Bg5 h6 8. Bf4
Be7 9. e3 a6 10. Bd3 O-O 11. h3 Bd6 12. Bxd6 Qxd6 13. O-O b5 14. Rc1 Bb7 15.
Bb1 Na5 16. Ne5 Nc4 17. Nd3 Bc6 18. Qc2 g6 19. Rfe1 Rac8 20. Nf4 Be8 21. Qe2
Kg7 22. Nd3 Bc6 23. Rc2 Rfe8 24. Rec1 Nd7 25. Qf3 e5 26. Nb4 e4 27. Qe2 Bb7 28.
Nd1 a5 29. Na2 Bc6 30. Rc3 f5 31. b4 a4 32. R1c2 Nf6 33. Nc1 g5 34. f4 gxf4 35.
Qf2 Nh5 36. Qh4 Kg6 37. Ne2 fxe3 38. Nxe3 Qf6 39. Qf2 Nxe3 40. Qxe3 f4 41. Qc1
Re6 42. g4 fxg3 43. Nxg3 Nf4 44. Kh2 Qh4 45. Qf1 Rf6 46. Rf2 Rcf8 47. Nxe4 dxe4
48. Rxc6 Nh5 49. Qg2+ Kf7 50. Rcxf6+ Nxf6 51. Bxe4 Ke7 52. Re2 Kd8 53. Bc6 Rg8
54. Qf3 Qxd4 55. Qe3 Qd6+ 56. Qe5 Qxc6 57. Qb8+ Kd7 58. Qa7+ Qc7+ 59. Qxc7+
Kxc7 60. Re6 Nd7 61. Rxh6 Ne5 62. Rh7+ Kd6 63. h4 Kd5 64. Rc7 Nd3 65. Kh3 Kd4
66. h5 Nf2+ 67. Kh2 Rg5 68. Rf7 Rxh5+ 69. Kg3 Ne4+ 70. Kg4 Re5 71. Kf4 Nc3 72.
Rd7+ Nd5+ 73. Kf3 Re3+ 0-1

[Event "Hervest-Dorstener SK 1 - Bochumer SV 3"]
[Site "Verbandsklasse - Gruppe 3 202"]
[Date "2021.11.14"]
[Round "2.3"]
[White "Fraenkel, Karlheinz"]
[Black "Vengels, Joachim"]
[Result "1/2-1/2"]
[WhiteElo "1831"]
[BlackElo "1962"]
[PlyCount "82"]
[EventDate "2021.??.??"]
[WhiteTeam "Bochumer SV 3"]
[BlackTeam "Hervest-Dorstener SK 1"]

1. e4 c6 2. d4 d5 3. exd5 cxd5 4. Nf3 Nc6 5. c3 Nf6 6. Bd3 Bg4 7. O-O a6 8.
Nbd2 e6 9. Qb3 Na5 10. Qc2 Rc8 11. Ne5 Bh5 12. f4 Nc6 13. Qa4 Qc7 14. f5 exf5
15. Bxf5 Ra8 16. Nxc6 bxc6 17. Nf3 Bxf3 18. Rxf3 Be7 19. Bf4 Qb7 20. Re1 O-O
21. Rfe3 Rfe8 22. Bg5 Ne4 23. Bxe7 Rxe7 24. Qc2 Rae8 25. Bxe4 g6 26. R3e2 dxe4
27. Rxe4 Rxe4 28. Rxe4 Rxe4 29. Qxe4 Qxb2 30. Qxc6 Qa1+ 31. Kf2 Qxa2+ 32. Kf3
Qe6 33. d5 Qf5+ 34. Ke3 Qg5+ 35. Kd4 Qxg2 36. Qc8+ Kg7 37. d6 Qd2+ 38. Ke5
Qxh2+ 39. Kd5 Qd2+ 40. Ke5 Qh2+ 41. Kd5 Qd2+ 1/2-1/2

[Event "Hervest-Dorstener SK 1 - Bochumer SV 3"]
[Site "Verbandsklasse - Gruppe 3 202"]
[Date "2021.11.14"]
[Round "2.4"]
[White "Hater, Norbert"]
[Black "Candogan, Yavus"]
[Result "1-0"]
[WhiteElo "1858"]
[BlackElo "1752"]
[PlyCount "73"]
[EventDate "2021.??.??"]
[WhiteTeam "Hervest-Dorstener SK 1"]
[BlackTeam "Bochumer SV 3"]

1. d4 d5 2. e4 dxe4 3. Nc3 Bf5 4. f3 exf3 5. Nxf3 e6 6. Bc4 Nf6 7. O-O h6 8.
Bf4 c6 9. Qe2 Be7 10. h3 Nbd7 11. Rae1 O-O 12. g4 Bh7 13. Qe3 b5 14. Bxe6 fxe6
15. Qxe6+ Rf7 16. Ne5 Nxe5 17. dxe5 Nd5 18. Be3 Qe8 19. Rxf7 Qxf7 20. Qxc6 Rd8
21. Rf1 Qe8 22. Qe6+ Kh8 23. Nxd5 Bg8 24. Qxe7 Bxd5 25. Qxe8+ Rxe8 26. Bd4 Rc8
27. c3 Bxa2 28. Ra1 Bc4 29. Rxa7 Be6 30. Rb7 Ra8 31. Rxb5 Ra1+ 32. Kh2 Rb1 33.
b4 Bc4 34. Rc5 Bd3 35. e6 Kg8 36. Rc8+ Kh7 37. e7 1-0

[Event "Hervest-Dorstener SK 1 - Bochumer SV 3"]
[Site "Verbandsklasse - Gruppe 3 202"]
[Date "2021.11.14"]
[Round "2.5"]
[White "Hartenberg, Yannick"]
[Black "Buesken, Klaus"]
[Result "0-1"]
[WhiteElo "1671"]
[BlackElo "1834"]
[PlyCount "42"]
[EventDate "2021.??.??"]
[WhiteTeam "Bochumer SV 3"]
[BlackTeam "Hervest-Dorstener SK 1"]

1. e4 c5 2. Nf3 e6 3. Be2 Nc6 4. d4 cxd4 5. Nxd4 Nf6 6. Nc3 Bb4 7. f3 d5 8.
exd5 Nxd5 9. Nxc6 bxc6 10. Qd4 O-O 11. Bd2 Re8 12. f4 Qe7 13. O-O-O Bc5 14. Qd3
Rb8 15. Ne4 Bb6 16. Ng5 g6 17. Qh3 f6 18. Nf3 e5 19. Qh6 e4 20. Ne1 e3 21. Bc3
Nxc3 0-1

[Event "Hervest-Dorstener SK 1 - Bochumer SV 3"]
[Site "Verbandsklasse - Gruppe 3 202"]
[Date "2021.11.14"]
[Round "2.6"]
[White "Kudsin, Alexander"]
[Black "Czarnetzki, Iori"]
[Result "0-1"]
[WhiteElo "1794"]
[BlackElo "1662"]
[PlyCount "208"]
[EventDate "2021.??.??"]
[WhiteTeam "Hervest-Dorstener SK 1"]
[BlackTeam "Bochumer SV 3"]

1. Nf3 Nf6 2. c4 d6 3. d4 g6 4. Nc3 Bg7 5. Bg5 O-O 6. g3 b6 7. Bg2 Bb7 8. O-O
h6 9. Bd2 Nbd7 10. Qc1 Kh7 11. Qc2 Rb8 12. d5 e5 13. dxe6 fxe6 14. Nh4 Qe8 15.
Nb5 Bxg2 16. Kxg2 Rb7 17. Bc3 Nc5 18. Rad1 e5 19. Bb4 Ng4 20. Bxc5 bxc5 21. Qe4
Rxb5 22. cxb5 h5 23. a4 Kh6 24. h3 Nf6 25. Qb7 Qa8 26. Qxa8 Rxa8 27. f3 Nd7 28.
e4 a6 29. bxa6 Rxa6 30. b3 Nb8 31. Kf2 Nc6 32. Rd3 Nb4 33. Rc3 Na2 34. Rc4 Nb4
35. Ke2 Bf6 36. Ng2 Nc6 37. Ke3 Kg7 38. Rb1 Rb6 39. Ne1 Bg5+ 40. f4 exf4+ 41.
gxf4 Bf6 42. Nf3 Na5 43. Rc2 Nc6 44. e5 Be7 45. Ke4 Kf7 46. Rg2 Nb4 47. Nd2 d5+
48. Kf3 Nc2 49. Kg3 Ne3 50. Re2 Nf5+ 51. Kh2 Bh4 52. Rg2 Ne3 53. Re2 Nf5 54.
Rg1 Bd8 55. Reg2 Ne3 56. Rg3 Nf5 57. Rd3 c6 58. a5 Rb5 59. a6 Ra5 60. Nc4 Rxa6
61. Nd6+ Nxd6 62. exd6 Ra7 63. Rdg3 Bf6 64. Rxg6 Rd7 65. R1g3 Rxd6 66. Rh6 h4
67. Rh7+ Ke6 68. Rf3 d4 69. Rd3 Kf5 70. Rh5+ Ke4 71. Rd1 d3 72. Rxc5 d2 73.
Rxc6 Rxc6 74. Rxd2 Kxf4 75. Kg2 Be5 76. Rf2+ Ke4 77. Re2+ Kd5 78. Kf3 Rf6+ 79.
Kg4 Rf4+ 80. Kg5 Rd4 81. Ra2 Bg3 82. Ra5+ Kc6 83. Ra1 Kb5 84. Rb1 Kb4 85. Kf5
Rf4+ 86. Kg5 Rf2 87. Kh5 Rf5+ 88. Kg4 Rf4+ 89. Kh5 Kc3 90. Rc1+ Kxb3 91. Rc8
Rd4 92. Rc6 Be1 93. Rc8 Rd3 94. Kg4 Rg3+ 95. Kh5 Rxh3 96. Rc1 Re3 97. Rc6 h3
98. Rh6 Rg3 99. Re6 h2 100. Rxe1 Rg1 101. Re3+ Kc4 102. Rh3 h1=Q 103. Rxh1
Rxh1+ 104. Kg5 Kd4 0-1

[Event "Hervest-Dorstener SK 1 - Bochumer SV 3"]
[Site "Verbandsklasse - Gruppe 3 202"]
[Date "2021.11.14"]
[Round "2.7"]
[White "Fresen, Hans-Juergen"]
[Black "Nashir, Ramin"]
[Result "1/2-1/2"]
[WhiteElo "1847"]
[BlackElo "1562"]
[PlyCount "74"]
[EventDate "2021.??.??"]
[WhiteTeam "Bochumer SV 3"]
[BlackTeam "Hervest-Dorstener SK 1"]

1. e4 e6 2. d4 d5 3. exd5 exd5 4. Bd3 Bd6 5. Ne2 Nf6 6. Bf4 O-O 7. O-O c6 8.
Re1 Be6 9. c3 Qc7 10. Qd2 Nbd7 11. Na3 Rfe8 12. Bxd6 Qxd6 13. Qf4 Qxf4 14. Nxf4
Bg4 15. f3 Bh5 16. Kf2 Bg6 17. Nxg6 hxg6 18. Rac1 Rxe1 19. Rxe1 Re8 20. Rxe8+
Nxe8 21. Ke3 Nf8 22. Nb1 Ne6 23. Nd2 Nd6 24. g3 f5 25. h4 Kf7 26. f4 Kf6 27.
Nf3 Ne4 28. Bxe4 dxe4 29. Ne5 Nd8 30. c4 Nf7 31. Nd7+ Ke7 32. Nc5 b6 33. Na6
Kd6 34. b3 Nd8 35. Nb4 c5 36. dxc5+ bxc5 37. Nd5 Nc6 1/2-1/2

[Event "Hervest-Dorstener SK 1 - Bochumer SV 3"]
[Site "Verbandsklasse - Gruppe 3 202"]
[Date "2021.11.14"]
[Round "2.8"]
[White "Schmidt, Christian"]
[Black "Sanftenschneider, Hans-Werner"]
[Result "0-1"]
[WhiteElo "1636"]
[BlackElo "1711"]
[PlyCount "114"]
[EventDate "2021.??.??"]
[WhiteTeam "Hervest-Dorstener SK 1"]
[BlackTeam "Bochumer SV 3"]

1. Nf3 Nf6 2. c4 e6 3. b3 d5 4. Bb2 Be7 5. g3 O-O 6. Bg2 c6 7. O-O Nbd7 8. d4
Ne4 9. Nbd2 f5 10. Qc2 Ndf6 11. Ne5 Nxd2 12. Qxd2 Ne4 13. Qc2 Bd7 14. e3 Rc8
15. c5 Nf6 16. b4 a6 17. Qe2 Be8 18. Bf3 Qc7 19. a3 Nd7 20. Rac1 Bf6 21. Nd3 e5
22. dxe5 Nxe5 23. Nxe5 Bxe5 24. Rcd1 Bf7 25. Bd4 Rce8 26. Qb2 Re7 27. Qc2 Be6
28. Qc3 Bc8 29. a4 Bxd4 30. Rxd4 Qe5 31. Qd2 Be6 32. Rb1 Ra8 33. b5 axb5 34.
axb5 Rc7 35. bxc6 bxc6 36. Rb6 Bd7 37. Qb4 Rca7 38. Kg2 Ra2 39. Rb7 Be8 40. Rd1
Qxe3 41. Rf1 Qe5 42. Qh4 R8a7 43. Rxa7 Rxa7 44. Qd8 Qe7 45. Qb6 Rb7 46. Qa5 Rb5
47. Re1 Rxa5 48. Rxe7 Kf8 49. Rc7 Rxc5 50. g4 d4 51. Be2 fxg4 52. Bxg4 Rd5 53.
Be6 Rd6 54. Bb3 d3 55. Bd1 d2 56. f3 Re6 57. Kf2 Re1 0-1

[Event "SV Wattenscheid 3 - SF Essen-Werden 2"]
[Site "Verbandsklasse - Gruppe 3 202"]
[Date "2021.11.14"]
[Round "2.1"]
[White "Gockel, Mirco"]
[Black "Thelen, Thomas"]
[Result "1/2-1/2"]
[WhiteElo "1926"]
[BlackElo "2061"]
[Annotator "danie"]
[PlyCount "87"]
[EventDate "2021.??.??"]
[WhiteTeam "SF Essen-Werden 2"]
[BlackTeam "SV Wattenscheid 3"]

1. c4 c5 2. g3 e6 3. Bg2 Nf6 4. Nc3 a6 5. e4 d6 6. Nge2 Be7 7. O-O Qc7 8. d3
Nbd7 9. h3 Rb8 10. a4 b6 11. Be3 Bb7 12. f4 g6 13. Rc1 h5 14. d4 cxd4 15. Bxd4
Rg8 16. b4 Ba8 $11 17. Qd3 Rc8 18. Qe3 Qb7 19. Qf2 Rxc4 20. Qe3 e5 21. fxe5
dxe5 22. Bxe5 Nxe5 23. Nd5 Rxc1 24. Rxc1 Nxd5 25. exd5 f6 26. Nf4 Bd6 27. Rc6
Qe7 28. Qxb6 Bxc6 29. dxc6 Rg7 30. Nd5 Qa7 31. Nxf6+ Kf8 32. a5 Bxb4 33. Kh2
Qxb6 34. axb6 Nc4 35. b7 Bd6 36. Ne4 Bb8 37. Nc5 h4 38. Nxa6 Bxg3+ 39. Kg1 Na5
40. c7 Bxc7 41. Nxc7 Nxb7 42. Ne6+ Kf7 43. Nxg7 Nd6 44. Nh5 1/2-1/2

[Event "SV Wattenscheid 3 - SF Essen-Werden 2"]
[Site "Verbandsklasse - Gruppe 3 202"]
[Date "2021.11.14"]
[Round "2.2"]
[White "Meyer, Juergen"]
[Black "Bury, Tobias"]
[Result "1/2-1/2"]
[WhiteElo "1857"]
[BlackElo "1884"]
[PlyCount "22"]
[EventDate "2021.??.??"]
[WhiteTeam "SV Wattenscheid 3"]
[BlackTeam "SF Essen-Werden 2"]

1. d4 d5 2. c4 e6 3. Nf3 Nf6 4. g3 Be7 5. Bg2 O-O 6. O-O c6 7. Nc3 b6 8. Qc2
Ba6 9. Ne5 Nfd7 10. Nxd7 Qxd7 11. cxd5 cxd5 1/2-1/2

[Event "SV Wattenscheid 3 - SF Essen-Werden 2"]
[Site "Verbandsklasse - Gruppe 3 202"]
[Date "2021.11.14"]
[Round "2.3"]
[White "Blank, Stephan"]
[Black "Thon, Manfred"]
[Result "1-0"]
[WhiteElo "1825"]
[BlackElo "1837"]
[PlyCount "41"]
[EventDate "2021.??.??"]
[WhiteTeam "SF Essen-Werden 2"]
[BlackTeam "SV Wattenscheid 3"]

1. e4 c5 2. Nc3 Nc6 3. f4 e6 4. Nf3 d5 5. Bb5 d4 6. Bxc6+ bxc6 7. Ne2 Bd6 8. d3
Ne7 9. O-O O-O 10. b3 Bc7 11. Qe1 Bd7 12. Ba3 Bb6 13. Qh4 Ng6 14. Qh5 f5 15.
Ng5 h6 16. Qxg6 hxg5 17. fxg5 Qe7 18. Qh5 Bd8 19. g6 Qh4 20. Qxh4 Bxh4 21. Bxc5
1-0

[Event "SV Wattenscheid 3 - SF Essen-Werden 2"]
[Site "Verbandsklasse - Gruppe 3 202"]
[Date "2021.11.14"]
[Round "2.4"]
[White "Doehmann, Jörg"]
[Black "Brixius, Dirk"]
[Result "1/2-1/2"]
[WhiteElo "1766"]
[BlackElo "1810"]
[PlyCount "70"]
[EventDate "2021.??.??"]
[WhiteTeam "SV Wattenscheid 3"]
[BlackTeam "SF Essen-Werden 2"]

1. d4 d5 2. Bf4 Nf6 3. e3 e6 4. Nf3 c5 5. c3 cxd4 6. exd4 Bd6 7. Bxd6 Qxd6 8.
Nbd2 O-O 9. Bd3 b6 10. Qe2 a5 11. O-O Ba6 12. Bxa6 Nxa6 13. a4 Rfc8 14. Rfe1
Nc7 15. Ne5 Nce8 16. h3 Qc7 17. Nd3 Nd6 18. f3 Nf5 19. Qe5 Nd7 20. Qxc7 Rxc7
21. Kf2 Rac8 22. Ne5 Nd6 23. Nxd7 Rxd7 24. Re2 Rdc7 25. Ra3 Kf8 26. f4 h6 27.
g4 Ke7 28. f5 Kd7 29. fxe6+ fxe6 30. Ra1 Rf8+ 31. Kg3 Rf6 32. Rae1 Rc8 33. Rf2
Rxf2 34. Kxf2 Rf8+ 35. Ke2 g5 1/2-1/2

[Event "SV Wattenscheid 3 - SF Essen-Werden 2"]
[Site "Verbandsklasse - Gruppe 3 202"]
[Date "2021.11.14"]
[Round "2.5"]
[White "Rother, Josef"]
[Black "Wolf, Ulrich"]
[Result "1/2-1/2"]
[WhiteElo "1756"]
[BlackElo "1998"]
[PlyCount "28"]
[EventDate "2021.??.??"]
[WhiteTeam "SF Essen-Werden 2"]
[BlackTeam "SV Wattenscheid 3"]

1. d4 Nf6 2. Bg5 Ne4 3. Bf4 c5 4. f3 Nf6 5. d5 d6 6. e4 e6 7. Bb5+ Bd7 8. Bxd7+
Qxd7 9. c4 Qd8 10. Nc3 e5 11. Bg5 Be7 12. Qb3 O-O 13. Qxb7 Nbd7 14. Qb3 Rb8
1/2-1/2

[Event "SV Wattenscheid 3 - SF Essen-Werden 2"]
[Site "Verbandsklasse - Gruppe 3 202"]
[Date "2021.11.14"]
[Round "2.6"]
[White "Schlee, Ulrich"]
[Black "Eggebrecht, Stefan"]
[Result "1-0"]
[WhiteElo "1779"]
[BlackElo "1763"]
[PlyCount "79"]
[EventDate "2021.??.??"]
[WhiteTeam "SV Wattenscheid 3"]
[BlackTeam "SF Essen-Werden 2"]

1. e4 c6 2. d4 d5 3. Nc3 dxe4 4. Nxe4 Bf5 5. Ng3 Bg6 6. Nf3 Nd7 7. Nh4 e6 8.
Nxg6 hxg6 9. Bd3 Ngf6 10. Bg5 Qb6 11. Be3 Qxb2 12. O-O Qa3 13. Qf3 Nd5 14. Ne4
Be7 15. Bc1 Qa5 16. Bg5 N7f6 17. Bd2 Qc7 18. Ng3 Nh5 19. Rab1 Nxg3 20. fxg3 Bf6
21. Qg4 Rd8 22. c3 Qd7 23. Kh1 b6 24. Qf3 b5 25. Qe2 Qc7 26. Rf3 a6 27. Rbf1
Rd7 28. c4 Ne7 29. Bf4 Qc8 30. Be5 Nf5 31. Bxf5 gxf5 32. Bxf6 gxf6 33. Rxf5 Rh6
34. Qe3 Rg6 35. Rxf6 Rxf6 36. Rxf6 Qd8 37. Qg5 Kf8 38. Qh6+ Ke7 39. Qh4 Rxd4
40. Rf4+ 1-0

[Event "SV Wattenscheid 3 - SF Essen-Werden 2"]
[Site "Verbandsklasse - Gruppe 3 202"]
[Date "2021.11.14"]
[Round "2.7"]
[White "Biermann, Klaus"]
[Black "Kotulla, Guenter"]
[Result "1-0"]
[WhiteElo "1807"]
[BlackElo "1717"]
[PlyCount "73"]
[EventDate "2021.??.??"]
[WhiteTeam "SF Essen-Werden 2"]
[BlackTeam "SV Wattenscheid 3"]

1. c4 e5 2. Nc3 Nf6 3. e4 Bc5 4. g3 Nc6 5. Bg2 d6 6. h3 O-O 7. Nge2 Be6 8. d3
Qd7 9. Nd5 Bxd5 10. cxd5 Nd4 11. O-O c6 12. dxc6 bxc6 13. Kh2 Rab8 14. f4 Nxe2
15. Qxe2 Bd4 16. Rb1 Rfe8 17. f5 Rb5 18. g4 Reb8 19. b3 d5 20. g5 Ne8 21. h4 f6
22. h5 fxg5 23. Bxg5 h6 24. f6 Qf7 25. fxg7 Qxg7 26. Bh4 R8b7 27. Rf3 Kh7 28.
Bh3 Nd6 29. Rg3 Qf8 30. Rf1 Rf7 31. Rxf7+ Qxf7 32. Rg6 Qf8 33. Rf6 Qg7 34. Qf1
Bc5 35. Bf5+ Nxf5 36. Qxf5+ Kh8 37. Rg6 1-0

[Event "SV Wattenscheid 3 - SF Essen-Werden 2"]
[Site "Verbandsklasse - Gruppe 3 202"]
[Date "2021.11.14"]
[Round "2.8"]
[White "Kraus, Tanja"]
[Black "Hunecke, Hans-Juergen"]
[Result "1-0"]
[WhiteElo "1640"]
[BlackElo "1718"]
[PlyCount "59"]
[EventDate "2021.??.??"]
[WhiteTeam "SV Wattenscheid 3"]
[BlackTeam "SF Essen-Werden 2"]

1. e4 d6 2. d4 Nf6 3. Nc3 c6 4. Be2 Nbd7 5. f4 e5 6. Nf3 exd4 7. Nxd4 Nc5 8.
Bf3 Qc7 9. O-O Bd7 10. e5 dxe5 11. fxe5 Ng8 12. Re1 O-O-O 13. Qe2 Be7 14. Bg4
Nh6 15. Bxd7+ Rxd7 16. Qc4 Rhd8 17. Be3 Ng4 18. Nxc6 Nxe3 19. Nxe7+ Rxe7 20.
Rxe3 Red7 21. Nb5 Qb6 22. b4 a6 23. Nd6+ Kb8 24. bxc5 Qb2 25. Qc3 Qxc3 26. Rxc3
Rc7 27. Rb1 Rdd7 28. c6 Re7 29. Rxb7+ Rxb7 30. cxb7 1-0